Moslimská komunita a politické prostredie krajín Európskej únie
Prisťahovalectvo (imigrácia) do krajín Európskej únie a jeho vplyv na politickú stabilitu vo vnútri západoeurópskych krajín. Problémy nacionalizmu. Integrácia moslimskej komunity do majoritnej spoločnosti. Problém prispôsobenia islamského náboženstva európskym hodnotám. Vytvorenie euroislamu. Riešen...
Salvato in:
| Autore principale: | |
|---|---|
| Natura: | Capitolo di libro |
| Lingua: | slovacco |
| Soggetti: | |
| Tags: |
Nessun Tag, puoi essere il primo ad aggiungerne!!
|
MARC
| LEADER | 00000naa$a2200000$$$4500 | ||
|---|---|---|---|
| 001 | 0053082 | ||
| 005 | 20240611082447.5 | ||
| 041 | 0 | |a slo | |
| 044 | |a SK | ||
| 245 | 1 | 0 | |a Moslimská komunita a politické prostredie krajín Európskej únie |c Ján Liďák |
| 520 | |a Prisťahovalectvo (imigrácia) do krajín Európskej únie a jeho vplyv na politickú stabilitu vo vnútri západoeurópskych krajín. Problémy nacionalizmu. Integrácia moslimskej komunity do majoritnej spoločnosti. Problém prispôsobenia islamského náboženstva európskym hodnotám. Vytvorenie euroislamu. Riešenie vzťahu moslimov na teritóriu Európy ako kľúčový problém v budúcnosti politiky krajín Európskej únie. | ||
| 610 | 2 | 0 | |a imigrácia |
| 610 | 2 | 0 | |a menšiny národnostné |
| 610 | 2 | 0 | |a náboženstvo |
| 610 | 2 | 0 | |a islam |
| 610 | 2 | 0 | |a konflikty |
| 610 | 2 | 0 | |a práva ľudské |
| 610 | 2 | 0 | |a sloboda |
| 610 | 2 | 0 | |a rovnoprávnosť |
| 610 | 2 | 0 | |a nacionalizmus |
| 610 | 2 | 0 | |a integrácia |
| 610 | 2 | 0 | |a spolupráca medzinárodná |
| 610 | 2 | 0 | |a Európska únia |
| 100 | 1 | |a Liďák, Ján | |